000 00565nam a22001817a 4500
003 AM-YeHGA
005 20250617154711.0
008 181130s1951 ru ||||| |||| 00| 0 rus d
040 _aAM-YeHGA
041 0 _arus
245 0 0 _aБобовые культуры :
_bСборник стандартов /
_c
250 _aИзд. офиц. Переизд.
260 _a[Москва] :
_bСтандартгиз,
_c1951 .
300 _a47 с.;
_c20 см
650 1 4 _aБобовые культуры
_xСтандарты
942 _2udc
_cBK
090 _c420238
999 _c417859
_d417859